000
00325nam a2200133Ia 4500
005
20251222140031.0
008
251222s1900||||xx |||||||||||||| ||spa||
020
_a
8449971209
082
_a
180/A65P/1983
100
_a
Aquino, Santo Tomás de
245
0
_a
De los Principios de la Naturaleza
264
_b
Sarpe
942
_c
LIB
999
_c
2952
_d
2952